[Event "4NCL Online Division 6"]
[Site "online"]
[Date "2021.03.09"]
[EventDate "2021.03.09"]
[Round "4.24"]
[White "Evdokimova, Maria"]
[WhiteElo "1369"]
[WhiteTeam "Cornish Wreckers"]
[Black "Kashanin, Daniil"]
[BlackElo "1384"]
[BlackTeam "St Benildus D"]
[Result "0-1"]
[PlyCount "112"]

1. d4 Nf6 2. c4 g6 3. Bg5 Bg7 4. Bxf6 Bxf6 5. Nf3 O-O 6. e3 d6 7. Be2 c5 8. O-O Nc6 9. Na3 Bf5 10. Qd2 cxd4 11. e4 Bxe4 12. Rad1 Qb6 13. Nb5 d3 14. Bxd3 Bxf3 15. gxf3 a6 16. Nc3 Qc5 17. Ne4 Qe5 18. f4 Qxb2 19. Nxf6+ Qxf6 20. a3 Rac8 21. Be4 Qe6 22. Bg2 Qxc4 23. f5 Qg4 24. Qd3 Qxf5 25. Qxf5 gxf5 26. f4 Rcd8 27. Rd3 e6 28. Rg3+ Kh8 29. Bxc6 bxc6 30. Rb1 Rb8 31. Re1 Rg8 32. Re3 Rb1+ 33. Kg2 Rb2+ 34. Kh3 h5 35. Rxg8+ Kxg8 36. Rg3+ Kh7 37. Rg5 Kh6 38. Rg8 Rb3+ 39. Kh4 Rxa3 40. Rh8+ Kg7 41. Rxh5 d5 42. Kg5 d4 43. Rh6 d3 44. Rh3 d2 45. Rxa3 d1=Q 46. Rg3 f6+ 47. Kh4+ Kh6 48. Kh3 c5 49. Kg2 Qe2+ 50. Kh3 Qf1+ 51. Rg2 Qxf4 52. Rg3 Kh5 53. Kg2 Qd2+ 54. Kh3 f4 55. Rf3 e5 56. Ra3 Qe2 0-1

[Event "4NCL Online Division 6"]
[Site "online"]
[Date "2021.03.09"]
[EventDate "2021.03.09"]
[Round "4.31"]
[White "Shen, Alex"]
[WhiteElo "1676"]
[WhiteTeam "MCS Oxford B"]
[Black "Gardiner, Harry"]
[BlackElo "1651"]
[BlackTeam "Crewe BOL"]
[Result "0-1"]
[PlyCount "78"]

1. e4 c5 2. Nf3 d6 3. d4 cxd4 4. Nxd4 Nf6 5. Nc3 a6 6. Bg5 e6 7. f4 Qb6 8. Qd2 Qxb2 9. Rb1 Qa3 10. Rb3 Qa5 11. Bd3 Be7 12. O-O Qc5 13. Qe3 Nc6 14. Bxf6 Bxf6 15. e5 Nxd4 16. Kh1 Nxb3 17. Qe1 dxe5 18. a3 Nd4 19. Ne4 Qd5 20. Qg3 Nf5 21. Qf3 exf4 22. Qxf4 Qe5 23. Qf3 Nd6 24. Ng3 Bd7 25. Qf2 Bh4 26. Qf3 Bxg3 27. hxg3 Bc6 28. Qg4 h5 29. Qh3 Ne4 30. Rf3 Ng5 31. Qh4 Nxf3 32. gxf3 Bxf3+ 33. Kh2 Qe1 34. g4 Qxh4+ 35. Kg1 Qg3+ 36. Kf1 Qg2+ 37. Ke1 hxg4 38. Bf1 Rh1 39. c4 Rxf1# 0-1

[Event "4NCL Online Division 6"]
[Site "online"]
[Date "2021.03.09"]
[EventDate "2021.03.09"]
[Round "4.32"]
[White "Michalek, Lukasz"]
[WhiteElo "1599"]
[WhiteTeam "Crewe BOL"]
[Black "Li, Reya"]
[BlackElo "1462"]
[BlackTeam "MCS Oxford B"]
[Result "1-0"]
[PlyCount "43"]

1. e4 e5 2. Nf3 Nc6 3. d4 exd4 4. c3 dxc3 5. Nxc3 Bc5 6. Bc4 d6 7. Bg5 Nge7 8. Nd5 O-O 9. O-O Bg4 10. b4 Bxb4 11. Bxe7 Nxe7 12. Nxb4 c6 13. Qb3 a5 14. Nd3 b5 15. Bxf7+ Rxf7 16. Ng5 Bh5 17. Nf4 a4 18. Qh3 Rf6 19. Nxh5 Rh6 20. Qg4 Rg6 21. Nf4 Rf6 22. Nge6 1-0

[Event "4NCL Online Division 6"]
[Site "online"]
[Date "2021.03.09"]
[EventDate "2021.03.09"]
[Round "4.33"]
[White "Bridson, Ewan"]
[WhiteElo "1454"]
[WhiteTeam "MCS Oxford B"]
[Black "Nienaber, Kobus"]
[BlackElo "1472"]
[BlackTeam "Crewe BOL"]
[Result "1/2-1/2"]
[PlyCount "72"]

1. e4 e5 2. Nf3 Nc6 3. Nc3 Nf6 4. Bc4 h6 5. O-O Bc5 6. Re1 O-O 7. d3 d6 8. h3 Na5 9. a3 Nxc4 10. dxc4 Be6 11. b3 c6 12. Be3 Bxe3 13. Rxe3 Nh5 14. Rd3 Qf6 15. Rxd6 Rfd8 16. Rxd8+ Rxd8 17. Qe2 Nf4 18. Qe3 Bxh3 19. g3 Ne6 20. Nh2 Nd4 21. Rc1 Qg6 22. Rd1 Rd6 23. Nf3 Nxf3+ 24. Qxf3 Rf6 25. Qe3 h5 26. Qxa7 h4 27. Rd8+ Kh7 28. Qb8 Qg5 29. Ne2 hxg3 30. Rh8+ Kg6 31. Rxh3 gxf2+ 32. Kf1 Qd2 33. Rg3+ Kh7 34. Rh3+ Kg6 35. Rg3+ Kh7 36. Rh3+ Kg6 1/2-1/2

[Event "4NCL Online Division 6"]
[Site "online"]
[Date "2021.03.09"]
[EventDate "2021.03.09"]
[Round "4.34"]
[White "Fields, Adam"]
[WhiteElo "1468"]
[WhiteTeam "Crewe BOL"]
[Black "Li, Evan"]
[BlackElo "1433"]
[BlackTeam "MCS Oxford B"]
[Result "1-0"]
[PlyCount "93"]

1. d4 Nf6 2. Bf4 d5 3. e3 c5 4. c3 Nc6 5. Bd3 Qb6 6. Qc2 c4 7. Be2 g6 8. Nd2 Bf5 9. Qc1 Bg7 10. Ngf3 Ne4 11. O-O O-O 12. Nh4 Bd7 13. Nxe4 dxe4 14. Bxc4 h6 15. Nxg6 Rfe8 16. Nh4 Rac8 17. Bb3 e6 18. g3 Kh7 19. Qc2 f5 20. f3 Bf6 21. Ng2 exf3 22. Rxf3 Na5 23. Re1 Bc6 24. Rf2 Be4 25. Qd1 Qc6 26. Qh5 Bg7 27. Nh4 e5 28. dxe5 Nxb3 29. axb3 Rcd8 30. Nxf5 Bxf5 31. Qxf5+ Kg8 32. Qg4 Re6 33. Qf3 Qb5 34. b4 Rf8 35. Rd2 Bxe5 36. Qg4+ Kf7 37. Bxe5 Qxe5 38. Qf4+ Qxf4 39. gxf4 Rg8+ 40. Kf2 Reg6 41. Kf3 Ke7 42. Red1 Kf6 43. Rd6+ Kg7 44. Rxg6+ Kxg6 45. Rg1+ Kf7 46. Rxg8 Kxg8 47. Ke4 1-0

[Event "4NCL Online Division 6"]
[Site "online"]
[Date "2021.03.09"]
[EventDate "2021.03.09"]
[Round "4.41"]
[White "Morris, Simon P"]
[WhiteElo "1916"]
[WhiteTeam "Hertford 2"]
[Black "Wilby, Robert G"]
[BlackElo "1647"]
[BlackTeam "Plymouth 2"]
[Result "1-0"]
[PlyCount "79"]

1. e4 e5 2. d4 exd4 3. c3 dxc3 4. Nxc3 c6 5. Bc4 g6 6. Qb3 Qe7 7. Be3 d6 8. Nf3 b5 9. Nxb5 cxb5 10. Bd5 Nf6 11. Bxa8 Nxe4 12. Bxe4 Qxe4 13. Qxf7+ Kxf7 14. Ng5+ Kg8 15. Nxe4 Bb7 16. f3 Bxe4 17. fxe4 Bg7 18. O-O h6 19. Rac1 Nd7 20. Rc8+ Kh7 21. Rxh8+ Kxh8 22. Bxa7 Bxb2 23. Rb1 Be5 24. Rxb5 Nc5 25. Bxc5 dxc5 26. g3 h5 27. Kf1 Bd4 28. Rb8+ Kg7 29. Rc8 Kf6 30. Ke2 Ke5 31. Kd3 Bg1 32. Re8+ Kd6 33. h3 Bf2 34. g4 hxg4 35. hxg4 g5 36. Rg8 Bh4 37. a4 Ke5 38. a5 Kf4 39. a6 c4+ 40. Kxc4 1-0

[Event "4NCL Online Division 6"]
[Site "online"]
[Date "2021.03.09"]
[EventDate "2021.03.09"]
[Round "4.42"]
[White "Tatam, Anthony"]
[WhiteElo "1526"]
[WhiteTeam "Plymouth 2"]
[Black "Du Boulay, Andrew"]
[BlackElo "1761"]
[BlackTeam "Hertford 2"]
[Result "1-0"]
[PlyCount "107"]

1. d4 d5 2. e3 Nf6 3. Nf3 Bg4 4. h3 Bh5 5. c4 c6 6. Be2 e6 7. O-O Be7 8. Nc3 O-O 9. Bd2 Nbd7 10. Nh2 Bg6 11. a4 a6 12. Nf3 Rc8 13. Nh4 Bd6 14. Nxg6 hxg6 15. c5 Bb8 16. f4 Ne4 17. Nxe4 dxe4 18. Qc2 Nf6 19. Be1 Qd7 20. Bh4 Rfe8 21. Bxf6 gxf6 22. Qxe4 e5 23. fxe5 fxe5 24. Bc4 Re7 25. Rad1 exd4 26. Qxd4 Qe8 27. b4 Be5 28. Qd3 Kg7 29. Qb3 Bf6 30. Rf3 Rd8 31. Rdf1 Rxe3 32. Rxe3 Bd4 33. Rxf7+ Kh6 34. Rf3 Qe4 35. Kf2 Re8 36. Qd3 Qh4+ 37. Ke2 Bxe3 38. Rxe3 Rd8 39. Qc3 Qg5 40. Bd3 Qxg2+ 41. Kd1 Qg1+ 42. Re1 Qg3 43. Qd2+ Kg7 44. Re3 Qh4 45. Kc2 Qf6 46. Qe2 Qd4 47. Re7+ Kf8 48. Re3 Qxb4 49. Qf3+ Kg8 50. Qg4 Qxc5+ 51. Kd2 Kg7 52. Qxg6+ Kf8 53. Rf3+ Ke7 54. Rf7+ 1-0

[Event "4NCL Online Division 6"]
[Site "online"]
[Date "2021.03.09"]
[EventDate "2021.03.09"]
[Round "4.43"]
[White "Buswell, A Mark"]
[WhiteElo "1783"]
[WhiteTeam "Hertford 2"]
[Black "Caleshu, Caleb"]
[BlackElo "1505"]
[BlackTeam "Plymouth 2"]
[Result "1-0"]
[PlyCount "77"]

1. d4 Nf6 2. c4 g6 3. Nc3 Bg7 4. e4 d6 5. Nf3 O-O 6. Be2 e5 7. O-O exd4 8. Nxd4 Nc6 9. Be3 Re8 10. f3 Ne5 11. Qc2 Ned7 12. Rfd1 c6 13. Rac1 d5 14. cxd5 cxd5 15. Bf2 dxe4 16. Ncb5 e3 17. Bg3 Nh5 18. Nc7 Nxg3 19. hxg3 Qg5 20. f4 Qxg3 21. Nf3 Nf6 22. Nxe8 Bf5 23. Nxf6+ Bxf6 24. Bd3 Rc8 25. Qe2 Rxc1 26. Rxc1 Bxd3 27. Qxd3 Qf2+ 28. Kh1 e2 29. Re1 Bd4 30. Qxe2 Qg3 31. Nxd4 Qh4+ 32. Kg1 Qg3 33. Nf3 f5 34. Qe8+ Kg7 35. Re7+ Kh6 36. Qf8+ Kh5 37. Rxh7+ Kg4 38. Rh4+ Qxh4 39. Nxh4 1-0

[Event "4NCL Online Division 6"]
[Site "online"]
[Date "2021.03.09"]
[EventDate "2021.03.09"]
[Round "4.44"]
[White "Wright, Andrew D"]
[WhiteElo "1485"]
[WhiteTeam "Plymouth 2"]
[Black "Judkins, Brian D"]
[BlackElo "1727"]
[BlackTeam "Hertford 2"]
[Result "0-1"]
[PlyCount "68"]

1. d3 e5 2. Nf3 Nc6 3. e4 Nf6 4. c3 d5 5. Nbd2 g6 6. Be2 Bg7 7. Qc2 O-O 8. Nf1 Re8 9. Bd2 a5 10. O-O-O dxe4 11. dxe4 Qe7 12. Bg5 h6 13. Bh4 Be6 14. Ne3 Bxa2 15. Nd5 Bxd5 16. exd5 Nd8 17. Bc4 Qd6 18. Rhe1 b6 19. Nxe5 Rxe5 20. Bg3 Nd7 21. Bxe5 Nxe5 22. Ba2 Nb7 23. f4 Nd7 24. Rd3 Qxf4+ 25. Kb1 Nd6 26. g3 Qf5 27. g4 Qxg4 28. Rde3 Bf8 29. Rf1 Re8 30. Rg3 Qe4 31. Qxe4 Rxe4 32. Kc2 Re2+ 33. Kb3 Nc5+ 34. Ka3 Nb5# 0-1

[Event "4NCL Online Division 6"]
[Site "online"]
[Date "2021.03.09"]
[EventDate "2021.03.09"]
[Round "4.52"]
[White "Whiteside, Robert"]
[WhiteElo "1876"]
[WhiteTeam "MK Phoenix 3"]
[Black "Rogers, Max"]
[BlackElo "1549"]
[BlackTeam "Ashton 2"]
[Result "1-0"]
[PlyCount "117"]

1. e4 e5 2. Nf3 Nc6 3. Bb5 Bc5 4. c3 d6 5. d4 exd4 6. cxd4 Bb4+ 7. Nc3 Nf6 8. O-O O-O 9. Bg5 h6 10. Bh4 Bg4 11. Bxc6 bxc6 12. h3 Bh5 13. Qd3 Bg6 14. Nd2 d5 15. f4 dxe4 16. Ndxe4 Be7 17. f5 Bh7 18. Rad1 Nxe4 19. Bxe7 Qxe7 20. Nxe4 Rad8 21. Qf3 Qb4 22. Qc3 Qxc3 23. bxc3 Rfe8 24. Rde1 Re7 25. Nf6+ gxf6 26. Rxe7 Rc8 27. g4 Kf8 28. Rfe1 a5 29. a4 h5 30. Kg2 Kg7 31. Rd7 Bg8 32. Ree7 Rb8 33. Rxc7 Rb2+ 34. Kg3 Ra2 35. Rxc6 Rxa4 36. Ra6 Ra1 37. Re3 Rg1+ 38. Kf4 hxg4 39. hxg4 Rf1+ 40. Rf3 Ra1 41. c4 Rd1 42. Ke4 Rg1 43. Rf4 Re1+ 44. Kd5 Ra1 45. c5 Ra4 46. c6 Ra1 47. c7 Rc1 48. Kd6 Kf8 49. Ra8+ Kg7 50. c8=Q Rxc8 51. Rxc8 Kh7 52. d5 Kh6 53. Rxg8 Kh7 54. Ra8 Kg7 55. Rf1 Kh6 56. Rxa5 Kg7 57. Ke7 Kg8 58. Kxf6 Kf8 59. Ra8# 1-0

[Event "4NCL Online Division 6"]
[Site "online"]
[Date "2021.03.09"]
[EventDate "2021.03.09"]
[Round "4.53"]
[White "Supatan, Dawn"]
[WhiteElo "1419"]
[WhiteTeam "Ashton 2"]
[Black "Matthews, Adrian M S"]
[BlackElo "1883"]
[BlackTeam "MK Phoenix 3"]
[Result "0-1"]
[PlyCount "44"]

1. e4 c5 2. Nf3 Nc6 3. c3 d5 4. e5 Bg4 5. Bb5 Qb6 6. Bxc6+ Qxc6 7. O-O e6 8. d4 Ne7 9. Bf4 Ng6 10. Bg3 h5 11. h3 Bf5 12. Nh4 Nxh4 13. Bxh4 Be7 14. Bxe7 Kxe7 15. Nd2 g5 16. dxc5 g4 17. hxg4 hxg4 18. Nb3 Rh7 19. f3 g3 20. Re1 Rah8 21. Kf1 Rh2 22. Qd2 Qa6+ 0-1

[Event "4NCL Online Division 6"]
[Site "online"]
[Date "2021.03.09"]
[EventDate "2021.03.09"]
[Round "4.54"]
[White "Ward, George"]
[WhiteElo "1736"]
[WhiteTeam "MK Phoenix 3"]
[Black "Custy, Alicia"]
[BlackElo "1212"]
[BlackTeam "Ashton 2"]
[Result "1-0"]
[PlyCount "175"]

1. Nf3 Nf6 2. d4 d5 3. e3 Bf5 4. Nbd2 e6 5. Bd3 Ne4 6. O-O Nd7 7. a3 Ndf6 8. c4 c6 9. c5 b5 10. Ne5 Rc8 11. Nxc6 Qc7 12. Ne5 a6 13. f3 Nxc5 14. Bxf5 exf5 15. Qc2 Ne6 16. Qxf5 Be7 17. b4 g6 18. Qd3 Qc3 19. Qxc3 Rxc3 20. Re1 O-O 21. Rb1 Ng7 22. Bb2 Rc2 23. Nb3 Nf5 24. Nc5 Nh4 25. g3 Ng2 26. Rf1 Nxe3 27. Rf2 Rxf2 28. Kxf2 Nc2 29. Rc1 Nxa3 30. Bxa3 Rc8 31. Re1 Bd6 32. Bc1 Nh5 33. Bh6 f6 34. Ned3 g5 35. Re6 Bb8 36. Rxa6 Kf7 37. g4 Nf4 38. Nxf4 Bxf4 39. Ra7+ Kg6 40. Bg7 Re8 41. Ra6 Kxg7 42. Rb6 Be3+ 43. Kg2 Bxd4 44. Rxb5 Re2+ 45. Kf1 Rxh2 46. Ne6+ Kg6 47. Nxd4 Rh1+ 48. Kg2 Rb1 49. Rb6 Rb2+ 50. Kg3 Rb1 51. Nf5 Rg1+ 52. Kf2 Rb1 53. b5 Rb2+ 54. Kg3 Rb1 55. Rb8 Rg1+ 56. Kf2 Rb1 57. b6 Rb2+ 58. Kg3 h5 59. Ne3 h4+ 60. Kh3 Rb1 61. b7 Rh1+ 62. Kg2 Rb1 63. Nxd5 Rb2+ 64. Kh3 Rb1 65. Rg8+ Kf7 66. b8=Q Rxb8 67. Rxb8 f5 68. gxf5 Kg7 69. Kg4 Kf7 70. Kxg5 h3 71. Rb7+ Ke8 72. Kg6 h2 73. Rh7 h1=Q 74. Rxh1 Kd7 75. f6 Ke8 76. Rh8+ Kd7 77. f7 Ke6 78. f8=R Kxd5 79. Re8 Kd6 80. Rh1 Kd7 81. Re2 Kd6 82. Rd1+ Kc5 83. Rb2 Kc4 84. Rc2+ Kb3 85. Rc8 Kb2 86. Rd7 Ka2 87. Rb7 Ka3 88. Ra8# 1-0

[Event "4NCL Online Division 6"]
[Site "online"]
[Date "2021.03.09"]
[EventDate "2021.03.09"]
[Round "4.61"]
[White "Morrison, Munroe L"]
[WhiteElo "1637"]
[WhiteTeam "War & Piece 2"]
[Black "Kapoor, Gurveen"]
[BlackElo "1845"]
[BlackTeam "Maidenhead 2"]
[Result "0-1"]
[PlyCount "44"]

1. e4 c5 2. Nc3 a6 3. g3 b5 4. Bg2 Bb7 5. d3 e6 6. Nh3 b4 7. Ne2 d5 8. O-O Nf6 9. e5 Ng4 10. f4 Nc6 11. Nf2 h5 12. h3 Nh6 13. d4 cxd4 14. Nxd4 Bc5 15. Nxc6 Bxc6 16. Qxh5 Qb6 17. c3 g6 18. Qf3 bxc3 19. bxc3 Rc8 20. Kh2 Nf5 21. Nd3 d4 22. Nxc5 Bxf3 0-1

[Event "4NCL Online Division 6"]
[Site "online"]
[Date "2021.03.09"]
[EventDate "2021.03.09"]
[Round "4.62"]
[White "Janota, Paul S"]
[WhiteElo "1795"]
[WhiteTeam "Maidenhead 2"]
[Black "Thomas, Jacob"]
[BlackElo "1452"]
[BlackTeam "War & Piece 2"]
[Result "1/2-1/2"]
[PlyCount "63"]

1. e4 c5 2. Nf3 d6 3. Be2 Nf6 4. c3 e5 5. O-O Be7 6. Re1 O-O 7. Bf1 Nc6 8. d4 cxd4 9. cxd4 Bg4 10. d5 Nd4 11. h3 Bxf3 12. gxf3 Rc8 13. Na3 Qc7 14. Bd3 Qa5 15. Kg2 Nd7 16. Be3 Qd8 17. Rc1 Qb6 18. Nc4 Qd8 19. a4 Bg5 20. Nxd6 Rxc1 21. Qxc1 Bxe3 22. Qxe3 Nc5 23. Nc4 Nxd3 24. Qxd3 Qg5+ 25. Kh1 Qh4 26. Nxe5 Qxh3+ 27. Kg1 f6 28. Qxd4 fxe5 29. Qxe5 Qxf3 30. Qe6+ Kh8 31. Rf1 Rf6 32. Qe8+ 1/2-1/2

[Event "4NCL Online Division 6"]
[Site "online"]
[Date "2021.03.09"]
[EventDate "2021.03.09"]
[Round "4.63"]
[White "O'Neill, Stephen G"]
[WhiteElo "1423"]
[WhiteTeam "War & Piece 2"]
[Black "Koppuravuri, Shrihan"]
[BlackElo "1475"]
[BlackTeam "Maidenhead 2"]
[Result "0-1"]
[PlyCount "70"]

1. d4 d5 2. Nf3 Nf6 3. Bf4 Nc6 4. Nbd2 Bf5 5. e3 e6 6. a3 a6 7. Be2 Be7 8. O-O O-O 9. c4 Bg6 10. b4 Nh5 11. Ne5 Nxf4 12. exf4 Nxd4 13. Nxg6 hxg6 14. Bg4 Qd6 15. g3 Rad8 16. c5 Qc6 17. Nf3 Nxf3+ 18. Qxf3 a5 19. Bh3 Ra8 20. g4 axb4 21. axb4 Qb5 22. Rab1 Ra2 23. f5 g5 24. fxe6 fxe6 25. Qg3 Qc6 26. Bg2 b6 27. cxb6 Qxb6 28. b5 Bd6 29. Qe3 Bc5 30. Qxg5 Raxf2 31. Rxf2 Be3 32. Qh4 Bxf2+ 33. Qxf2 Qxf2+ 34. Kh1 Qc2 35. Re1 Rf2 0-1

[Event "4NCL Online Division 6"]
[Site "online"]
[Date "2021.03.09"]
[EventDate "2021.03.09"]
[Round "4.64"]
[White "Nallaperumal, Kasi Veshagan"]
[WhiteElo "1495"]
[WhiteTeam "Maidenhead 2"]
[Black "Blair, Jimmy"]
[BlackElo "1373"]
[BlackTeam "War & Piece 2"]
[Result "1/2-1/2"]
[PlyCount "115"]

1. d4 d5 2. Bf4 Nc6 3. Nf3 Nf6 4. Nc3 Bg4 5. Nb5 e5 6. Nxe5 Nxe5 7. Bxe5 Bd6 8. Bg3 Bxg3 9. hxg3 c6 10. Nc3 O-O 11. Qd3 g6 12. O-O-O b5 13. f3 Bf5 14. e4 dxe4 15. fxe4 Bg4 16. Re1 a5 17. e5 Nd5 18. Nxd5 Qxd5 19. Qe4 Qxe4 20. Rxe4 h5 21. Be2 Bxe2 22. Rxe2 Kg7 23. Re4 f5 24. exf6+ Rxf6 25. g4 hxg4 26. Rxg4 Raf8 27. Kd2 Rf2+ 28. Ke3 Rxc2 29. Rb1 Rff2 30. Rg5 Rxg2 31. Rxg2 Rxg2 32. Ke4 Rg4+ 33. Ke5 Rg5+ 34. Kd6 Rd5+ 35. Kxc6 Rxd4 36. Kxb5 Rd5+ 37. Ka4 g5 38. b4 axb4 39. Rxb4 Kg6 40. Kb3 Rd3+ 41. Kc2 Ra3 42. Kb2 Ra8 43. a4 Kh5 44. Kb3 g4 45. Rb7 g3 46. Rg7 Kh4 47. Kb4 Kh3 48. Kb5 g2 49. a5 Kh2 50. a6 g1=Q 51. Rxg1 Kxg1 52. Kb6 Kf2 53. Kb7 Rh8 54. a7 Rh7+ 55. Kb8 Rh8+ 56. Kb7 Rh7+ 57. Kb8 Rxa7 58. Kxa7 1/2-1/2

[Event "4NCL Online Division 6"]
[Site "online"]
[Date "2021.03.09"]
[EventDate "2021.03.09"]
[Round "4.71"]
[White "Holliday, John K"]
[WhiteElo "1649"]
[WhiteTeam "Bradford DCA Knights C"]
[Black "Hunnable, Ian D"]
[BlackElo "1939"]
[BlackTeam "Redbridge All Sorts 2"]
[Result "1-0"]
[PlyCount "81"]

1. e4 e6 2. d4 d5 3. Nd2 Nf6 4. e5 Nfd7 5. Ngf3 c5 6. c3 Nc6 7. Bb5 Qb6 8. Bxc6 bxc6 9. O-O Be7 10. dxc5 Nxc5 11. b4 Nd7 12. Nb3 O-O 13. Be3 Qc7 14. Qd4 f6 15. Bf4 fxe5 16. Bxe5 Nxe5 17. Nxe5 Bd6 18. f4 Rf5 19. Rae1 Ba6 20. Rf3 Raf8 21. Nc5 Bc8 22. Ncd3 a5 23. a3 Bb7 24. g4 R5f6 25. Kg2 Rc8 26. Nc5 Bxc5 27. Qxc5 Rcf8 28. Qxa5 Qxa5 29. bxa5 c5 30. Rb1 Ba8 31. Nd7 d4 32. Nxf6+ gxf6 33. cxd4 cxd4 34. Kg3 Bxf3 35. Kxf3 Ra8 36. Rb5 Ra6 37. Ke4 Rd6 38. Kd3 Kf7 39. h4 Kg6 40. h5+ Kh6 41. Rb6 1-0

[Event "4NCL Online Division 6"]
[Site "online"]
[Date "2021.03.09"]
[EventDate "2021.03.09"]
[Round "4.72"]
[White "Muhunthan, Charukgan"]
[WhiteElo "1802"]
[WhiteTeam "Redbridge All Sorts 2"]
[Black "Redmond, Nigel"]
[BlackElo "1600"]
[BlackTeam "Bradford DCA Knights C"]
[Result "1-0"]
[PlyCount "45"]

1. e4 d5 2. exd5 Nf6 3. Nc3 Nxd5 4. Bc4 Nb6 5. Bb3 Nc6 6. Qf3 e6 7. Nge2 Nd4 8. Nxd4 Qxd4 9. d3 Be7 10. Be3 Qf6 11. Qg3 c6 12. Ne4 Qg6 13. Nd6+ Bxd6 14. Qxd6 Nd7 15. O-O h5 16. Bc5 Qg5 17. Ba3 Rh6 18. f4 Qf6 19. f5 e5 20. Qc7 Nb6 21. Rae1 Nd7 22. d4 Qd8 23. Bxf7+ 1-0

[Event "4NCL Online Division 6"]
[Site "online"]
[Date "2021.03.09"]
[EventDate "2021.03.09"]
[Round "4.73"]
[White "Gallagher, Dominic"]
[WhiteElo "1590"]
[WhiteTeam "Bradford DCA Knights C"]
[Black "Murrell, Mark R A"]
[BlackElo "1818"]
[BlackTeam "Redbridge All Sorts 2"]
[Result "1-0"]
[PlyCount "95"]

1. d4 f5 2. Bg5 d5 3. e3 Nd7 4. c4 c6 5. Nd2 Ngf6 6. h4 h6 7. Bf4 g6 8. Be2 Bg7 9. Ngf3 Ne4 10. Rc1 e6 11. Qc2 O-O 12. O-O Bf6 13. Bxh6 Rf7 14. Nxe4 fxe4 15. Ng5 Bxg5 16. Bxg5 Nf6 17. f3 Qf8 18. Bxf6 Rxf6 19. fxe4 Kg7 20. e5 Rxf1+ 21. Rxf1 Qh8 22. Rf6 Qh6 23. Kf1 Bd7 24. h5 Rf8 25. Rxf8 Kxf8 26. Qxg6 Qxg6 27. hxg6 Kg7 28. c5 Kxg6 29. Bf3 b6 30. cxb6 axb6 31. Ke2 c5 32. Kd2 c4 33. Kc3 Kf5 34. b3 cxb3 35. axb3 Bb5 36. Kd2 Bc6 37. Be2 Kg5 38. Kc3 Kh4 39. Kb4 Bd7 40. Bb5 Bc8 41. Bc6 Kg3 42. Kb5 Kxg2 43. Kxb6 Kf3 44. b4 Kxe3 45. Kc5 Kd3 46. b5 Kc3 47. b6 Ba6 48. b7 1-0

[Event "4NCL Online Division 6"]
[Site "online"]
[Date "2021.03.09"]
[EventDate "2021.03.09"]
[Round "4.81"]
[White "Lampard, Alice"]
[WhiteElo "1962"]
[WhiteTeam "Wells Globetrotters"]
[Black "Wilson, Matthew R"]
[BlackElo "1891"]
[BlackTeam "Wolfpack 1"]
[Result "1-0"]
[PlyCount "69"]

1. d4 d5 2. c4 e6 3. Nc3 Nf6 4. cxd5 exd5 5. Qc2 c6 6. Bg5 h6 7. Bh4 Be7 8. e3 Nbd7 9. Nf3 O-O 10. Bd3 Re8 11. O-O Ne4 12. Bxe7 Qxe7 13. a3 b6 14. b4 Bb7 15. Rab1 a5 16. Nd2 Nxd2 17. Qxd2 axb4 18. axb4 Qe6 19. Rfc1 Qe7 20. Ne2 Ra3 21. Bf5 Nf6 22. Nf4 Rea8 23. g3 R8a4 24. Bc2 Ra8 25. Qe1 R8a7 26. Rb3 Rxb3 27. Bxb3 Ne4 28. b5 Ng5 29. Qe2 Ra3 30. bxc6 Rxb3 31. cxb7 Qxb7 32. Qc2 Rb5 33. Qf5 g6 34. Nxg6 fxg6 35. Qxg6+ 1-0

[Event "4NCL Online Division 6"]
[Site "online"]
[Date "2021.03.09"]
[EventDate "2021.03.09"]
[Round "4.82"]
[White "Collett, Ray A"]
[WhiteElo "1884"]
[WhiteTeam "Wolfpack 1"]
[Black "Strong, Chris M"]
[BlackElo "1776"]
[BlackTeam "Wells Globetrotters"]
[Result "1-0"]
[PlyCount "141"]

1. e4 c5 2. Nf3 d6 3. d4 cxd4 4. Nxd4 Nf6 5. Nc3 g6 6. Be3 Bg7 7. f3 Nc6 8. Qd2 Bd7 9. Bc4 O-O 10. O-O-O Qa5 11. Kb1 Rfc8 12. Bb3 Ne5 13. h4 b5 14. Nd5 Qxd2 15. Rxd2 Nxd5 16. Bxd5 Rab8 17. Rhd1 Nc4 18. Bxc4 bxc4 19. c3 Rb7 20. Ne2 Rcb8 21. Kc1 a5 22. g3 Ba4 23. Rh1 Bd7 24. Bd4 Bh6 25. f4 Bg4 26. Re1 a4 27. a3 Bf8 28. e5 d5 29. Bc5 Bf3 30. Nd4 Be4 31. Rh2 Rc8 32. Bb4 Bg7 33. h5 Rb6 34. Bxe7 Rcb8 35. Bc5 R6b7 36. Bd6 Rd8 37. Nc6 Re8 38. Nb4 f6 39. exf6 Bxf6 40. hxg6 hxg6 41. Nxd5 Bg7 42. Nc7 Rd8 43. Rxe4 Rxd6 44. Ne8 Rd3 45. Nxg7 Kxg7 46. Rg2 Kf6 47. Rxc4 Rbd7 48. Rxa4 Rd1+ 49. Kc2 Ra1 50. g4 Rdd1 51. Ra6+ Kf7 52. f5 gxf5 53. gxf5 Rf1 54. Ra5 Rf4 55. Rg5 Raf1 56. Rd5 Re1 57. Kb3 Re2 58. Rg1 Rff2 59. Rb1 Re4 60. a4 Rff4 61. a5 Ra4 62. Rh1 Rfe4 63. Rh3 Rf4 64. Rhd3 Kf6 65. R3d4 Rfxd4 66. cxd4 Ra1 67. Kb4 Ra2 68. b3 Ra1 69. Kb5 Ra3 70. b4 Ra1 71. a6 1-0

[Event "4NCL Online Division 6"]
[Site "online"]
[Date "2021.03.09"]
[EventDate "2021.03.09"]
[Round "4.83"]
[White "Goatcher, Matthew W"]
[WhiteElo "1676"]
[WhiteTeam "Wells Globetrotters"]
[Black "Bloom, Paul"]
[BlackElo "1700"]
[BlackTeam "Wolfpack 1"]
[Result "1/2-1/2"]
[PlyCount "86"]

1. c4 e5 2. g3 Nc6 3. Bg2 f5 4. d3 Nf6 5. Nc3 Bc5 6. e3 O-O 7. Nge2 a6 8. O-O d6 9. a3 Ba7 10. b4 Ne7 11. Bb2 Ng6 12. Qd2 c6 13. e4 f4 14. gxf4 exf4 15. Nxf4 Nxf4 16. Qxf4 Ng4 17. Qd2 Nxf2 18. d4 Ng4 19. Rxf8+ Qxf8 20. Rf1 Qe7 21. c5 dxc5 22. dxc5 Be6 23. Ne2 Rd8 24. Qc3 Bb8 25. Ng3 Be5 26. Qc1 Bxb2 27. Qxb2 Qh4 28. Bf3 Ne3 29. Re1 Nc4 30. Qc1 Nd2 31. Qc3 Nxf3+ 32. Qxf3 Rf8 33. Qe3 Qg4 34. Rf1 Re8 35. Rf4 Qd1+ 36. Kg2 Qc2+ 37. Rf2 Qc4 38. Nf5 Bxf5 39. Rxf5 Qc2+ 40. Rf2 Qxe4+ 41. Qxe4 Rxe4 42. Rd2 Re7 43. a4 g5 1/2-1/2

[Event "4NCL Online Division 6"]
[Site "online"]
[Date "2021.03.09"]
[EventDate "2021.03.09"]
[Round "4.84"]
[White "Gliddon, Daniel J"]
[WhiteElo "1696"]
[WhiteTeam "Wolfpack 1"]
[Black "Rossi, Jonathan"]
[BlackElo "1489"]
[BlackTeam "Wells Globetrotters"]
[Result "1-0"]
[PlyCount "63"]

1. e4 c6 2. d4 d5 3. exd5 cxd5 4. Nf3 Bg4 5. Be2 e6 6. O-O Nf6 7. h3 Bh5 8. Ne5 Bxe2 9. Qxe2 a6 10. Re1 Qb6 11. c3 Be7 12. Bg5 h6 13. Bxf6 Bxf6 14. Nd2 Qxb2 15. Nxf7 Kxf7 16. Rab1 Qxa2 17. Rxb7+ Kg6 18. Qg4+ Kh7 19. Nf3 Re8 20. Nh4 Kh8 21. Ng6+ Kh7 22. Nf4 Nc6 23. Nh5 Ne7 24. Nxf6+ gxf6 25. Qxe6 Kg6 26. Qg4+ Kf7 27. Qh5+ Kg8 28. Rexe7 Rxe7 29. Rxe7 Qb1+ 30. Kh2 Qb8+ 31. g3 Qf8 32. Qg6+ 1-0

[Event "4NCL Online Division 6"]
[Site "online"]
[Date "2021.03.09"]
[EventDate "2021.03.09"]
[Round "4.91"]
[White "Rodrigo, Y Jan"]
[WhiteElo "1799"]
[WhiteTeam "Camborne Pendarves"]
[Black "Vann, Richard P"]
[BlackElo "1829"]
[BlackTeam "Ashby Ivanhoe"]
[Result "0-1"]
[PlyCount "60"]

1. d4 d5 2. Nc3 Nf6 3. Bf4 Bf5 4. f3 e6 5. g4 Bg6 6. h4 h5 7. g5 Nfd7 8. e4 Bb4 9. Bd3 O-O 10. Ne2 c5 11. exd5 cxd4 12. Nxd4 e5 13. Bxg6 exd4 14. Qxd4 Bxc3+ 15. bxc3 fxg6 16. Rb1 Qe7+ 17. Kf2 Qc5 18. Be3 Qxd4 19. Bxd4 b6 20. a4 Na6 21. a5 Nac5 22. Rhe1 Rfe8 23. Rxe8+ Rxe8 24. axb6 axb6 25. c4 Ra8 26. Ke3 Kf7 27. Rxb6 Nxb6 28. Bxc5 Nxc4+ 29. Kd4 Na5 30. c4 Nb3+ 0-1

[Event "4NCL Online Division 6"]
[Site "online"]
[Date "2021.03.09"]
[EventDate "2021.03.09"]
[Round "4.92"]
[White "Wilson, Andrew B"]
[WhiteElo "1654"]
[WhiteTeam "Ashby Ivanhoe"]
[Black "Smith, Richard AL"]
[BlackElo "1728"]
[BlackTeam "Camborne Pendarves"]
[Result "0-1"]
[PlyCount "64"]

1. d4 e5 2. dxe5 Nc6 3. Nf3 f6 4. e4 fxe5 5. Be3 Nf6 6. Nbd2 d6 7. h3 Be6 8. c3 Qd7 9. Bb5 a6 10. Ba4 Be7 11. O-O h6 12. Nh4 g5 13. Ng6 Rg8 14. Nxe7 Kxe7 15. Bb3 h5 16. Bxe6 Qxe6 17. f3 g4 18. h4 gxf3 19. Qxf3 Raf8 20. Bg5 Rg6 21. Qxh5 Qg8 22. Qf3 Nd8 23. Qh3 Ne6 24. Bxf6+ Rgxf6 25. Rxf6 Rxf6 26. g3 Nf4 27. Qh2 Qg4 28. Kh1 Ne2 29. Kg2 Rg6 30. Re1 Nxg3 31. Kf2 Qf4+ 32. Kg1 Nxe4+ 0-1